| 000 | 00360nam a22001577a 4500 | ||
|---|---|---|---|
| 003 | SGT | ||
| 020 | _a978-81-312-03828 | ||
| 082 | _a615.1901,A08B | ||
| 100 | _aBRITTAIN, HARRY G. | ||
| 245 | _aANALYTICAL PROFILES OF DRUG SUBSTANCES AND EXCIPIENTS | ||
| 250 | _a1ST | ||
| 260 |
_aDELHI _bELSEVIER _c2008 |
||
| 300 | _a508 | ||
| 650 | _aDRUG | ||
| 942 |
_2ddc _cBK |
||
| 999 |
_c8166 _d8166 |
||